00559 2200169 4500001002100000005001800021008004100039035002400080090001800104245007300122260009100195300003500286650001800321700002000339850001500359999001500374YOGYA-1010000000089820101005085853558 ind  0010-101000000000898 aDEP 631.5 Lap aLaporan pengembangan jenis bahan baku dan desain wadah bibit tanaman aYogyakartabProyek penelitian dan pengembangan industri kulit, karet dan plastikc1993 avii, 34 hlm . : ilus , ; 28 cm aBibit tanaman aKarsiati, Nikan aYOPDYOG[B] a94d0020772